000 01126cam a22003251 4500
001 10219609
003 OSt
005 20230704104036.0
008 770706s1946 xx 000 0 eng
010 _a 47000702
035 _a(OCoLC)3097239
040 _aDLC
_cOC
_dDLC
042 _apremarc
050 0 0 _aKZ3225.K44
_bA37 1946
082 _a341
_bROB
100 1 _aKeeton, George W.,
_d1902-1989.
245 1 0 _aMaking international law work,
_cby George W. Keeton and Georg Schwarzenberger.
250 _a2d ed.
_bPublished under the auspices of the London institute of world affairs.
260 _aLondon,
_bStevens & sons limited,
_c1946.
300 _ax, 266 p.
_c23 cm.
440 4 _aThe Library of world affairs ...
_vNo. 1
504 _a"Suggested readings" at end of each chapter.
610 2 0 _aLeague of Nations.
650 0 _aInternational law.
650 0 _aArbitration (International law)
700 1 _aSchwarzenberger, Georg,
_d1908-1991,
_ejoint author.
906 _a7
_bcbc
_coclcrpl
_du
_encip
_f19
_gy-gencatlg
942 _2ddc
_cBK
999 _c3661
_d3661